| 000 | 00750nam a22001937a 4500 | ||
|---|---|---|---|
| 999 |
_c16462 _d16462 |
||
| 003 | AR-CdUCM | ||
| 008 | 190503b ||||| |||| 00| 0 spa d | ||
| 040 |
_aMUNICIPALIDAD PROVINCIAL DEL CUSCO _cBIBLIOTECA MUNICIPAL DEL CUSCO |
||
| 082 |
_a333.72 / _bV49 |
||
| 100 |
_aVergaray Lara, Eráclides. _935916 |
||
| 245 | _aEconomía de los recursos naturales / | ||
| 260 |
_aLima : _bTipo-Offset, _c1921 |
||
| 300 |
_a248 paginas ; _c24 cm. |
||
| 505 | _aContenido :La localización geográfica del Perú --El relieve como recurso económico --El cobre y su industria --El petroleo y su industria -- Recursos minerales del Perú ... | ||
| 650 |
_aRecursos naturales _91988 |
||
| 650 |
_aPerú _935 |
||
| 942 |
_2ddc _cLIBROS |
||
| 945 |
_arjall _d2019-05-03 |
||